| 000 | 00487nam a2200157Ia 4500 | ||
|---|---|---|---|
| 008 | 200115s9999 xx 000 0 und d | ||
| 100 | _aNeilson, Susie | ||
| 245 | _aWish you were more creative? just pretend!/ | ||
| 245 | _cSusie Neilson | ||
| 260 | _bReader's Digest Asia | ||
| 260 | _c2019 | ||
| 300 | _aPages 120-122, September 2019 | ||
| 440 |
_aAsia Reader's Digest: My Coma Miracle Cyclist's Triumph after horror accident _v116:679 |
||
| 650 | _acreativity | ||
| 650 | _aideas | ||
| 999 |
_c362940 _d362940 |
||